Sports Quiz

Random Sports or NBA Quiz

Championship Cities of the 1990s Quiz Stats

 Plays Quiz Updated Jul 15, 2019

Score 0/10 Timer 04:00
4 Plays Today
% Correct
1990
65.9%
1994
56.5%
1995
53.5%
1999
52.5%
1991
51.5%
1993
50.9%
1992
50.2%
1997
44.9%
1998
40.7%
1996
37.5%

You're not logged in!

Compare scores with friends on all Sporcle quizzes.
OR
Log In

Sporcle TV

Today on Sporcle TV


Watch our educational content, quiz creation guides, and fun videos on Sporcle TV.

Show Comments

Extras

Top Quizzes Today


Score Distribution

Your Account Isn't Verified!

In order to create a playlist on Sporcle, you need to verify the email address you used during registration. Go to your Sporcle Settings to finish the process.

Report this User

Report this user for behavior that violates our Community Guidelines.

Details: